000 01269nam a2200277 a 4500
001 26160
003 CO-ViMGA
005 20230915223755.0
008 141112s2004 ck r 000 u spa d
015 _ack - 2012 - xxxx
020 _a9789582422769
040 _aCO-ViMGA
_bspa
_cCO-ViMGA
082 0 4 _a300.7 C57s 8
100 1 _aCote Rodríguez, Jorge Alberto.
245 1 0 _aLos caminos del saber :
_bsociales 8 /
_cJorge Alberto Cote Rodríguez, Osvaldo Vladimir Maraboli Salazar, Juan David Figueroa Cancino ; ilustradores Juan Jacobo Wiesner Gracia, Enrique Gregorio Martínez Ferreira, Juan Ramón Sierra Carrasquilla ; fotógrafos María Caro Gutierrez ... [et al.].
250 _aEditor Jorge Eduardo Melo Pinzón.
260 _aBogotá :
_bEditorial Santillana,
_c2012.
300 _a288 p. : il., fot. ; 28 cm.
490 0 _aLos caminos del saber sociales
500 _aTexto para la enseñanza del área de formación de ciencias sociales para el grado octavo de educación básica secundaria. Edición alumno.
504 _aIncluye bibliografía e índice.
650 1 4 _aCiencias sociales - Enseñanza secundaria.
700 1 _aMaraboli Salazar, Osvaldo Vladimir.
942 _2ddc
_cBK
949 _ac n
999 _c10342
_d10342